Catalogo provvisorio /
Descripción Física:
47 pàg. : il. b/n ; 24 cm
Materias:
Chiossone, Edoardo, -- 1831-1898 -- Col·leccions d'art
; Museo d'Arte Orientale E. Chiossone (Gènova, Itàlia) -- Catàlegs
; Fons Joan Junyer i Pascual (1909-1994)
; Art japonès -- Museus
; Art japonès -- Catàlegs
Idioma:
Italian
MARC
| LEADER | 00000nam a22000007a 4500 | ||
|---|---|---|---|
| 001 | 24791 | ||
| 003 | AGDB | ||
| 005 | 20260324181535.0 | ||
| 008 | 251014b it ||||| |||| 00| 0 ita d | ||
| 041 | |a ita | ||
| 245 | |a Catalogo provvisorio / |c Museo d'Arte Orientale E. Chiossone | ||
| 260 | |a [Gènova] : |b Officina grafica della SAGEP , |c 1971 | ||
| 300 | |a 47 pàg. : |b il. b/n ; |c 24 cm | ||
| 500 | |a Prové del fons Joan Junyer i Pascual (1909-1994) | ||
| 600 | 0 | |a Chiossone, Edoardo, |d 1831-1898 |9 72460 |v Col·leccions d'art | |
| 610 | 0 | |a Museo d'Arte Orientale E. Chiossone (Gènova, Itàlia) |v Catàlegs |9 72459 | |
| 650 | |a Fons Joan Junyer i Pascual (1909-1994) |9 72777 | ||
| 650 | 0 | |a Art japonès |2 Arxiu |9 29754 |x Museus | |
| 650 | 0 | |a Art japonès |2 Arxiu |9 29754 |v Catàlegs | |
| 710 | |a Museo d'Arte Orientale E. Chiossone (Gènova, Itàlia) |9 72459 | ||
| 942 | |2 udc |c ARXIU |n 1 | ||
| 952 | |0 0 |1 0 |4 0 |6 F50452 |7 1 |9 98443 |a Arxiu |b Arxiu |d 2025-10-14 |l 0 |o F-504-52 |p 24791 |r 2025-10-14 10:14:26 |w 2025-10-14 |y ARXIU | ||
| 999 | |c 130197 |d 130197 | ||